000 00208nam a2200097Ia 4500
008 240331s9999 xx 000 0 und d
082 _a100
_bBER
100 _aBerlin, I
245 4 _aThe Power of Ideas
942 _cL
999 _c675
_d675